header

Library of walls (Record no. 110217)

MARC details
000 -LEADER
fixed length control field 01986nam a22003731a 4500
082 04 - DEWEY DECIMAL CLASSIFICATION NUMBER
Classification number 025.1/97573
100 1# - MAIN ENTRY--AUTHOR NAME
Personal name Collins, Samuel Gerald.
245 10 - TITLE STATEMENT
Title Library of walls
260 ## - PUBLICATION, DISTRIBUTION, ETC. (IMPRINT)
Place of publication Duluth, Minn. :
Name of publisher Litwin Books,
Year of publication 2009.
300 ## - PHYSICAL DESCRIPTION
Number of Pages xi, 201 p.
505 0# - FORMATTED CONTENTS NOTE
Formatted contents note Introduction : if on a winter's night a reader -- Anthropology and the imperial archive -- From knowledge machines to information scapes : tracing the library's places and non-places -- Ghosts in the information machine -- "Getting the champagne out of the bottle and into the six-pack : laying the foundations for the virtual library and the LC -- Corporeal work at the virtual library : research and scholarship for a new age -- Conclusion : the American pastoral revisited.
650 #0 - SUBJECT ADDED ENTRY--TOPICAL TERM
Topical Term Information society
Topical Term National libraries
Topical Term Digital libraries
856 40 - ELECTRONIC LOCATION AND ACCESS
Uniform Resource Identifier http://site.ebrary.com/lib/rucke/Doc?id=10369984

No items available.

© 2026 Rongo University
Contact us: librarian | system librarian | Rongo university